| 000 | 00484nam a22001817a 4500 | ||
|---|---|---|---|
| 005 | 20231002130312.0 | ||
| 008 | 230901b |||||||| |||| 00| 0 eng d | ||
| 020 | _a9789332549401 | ||
| 082 |
_a005.8 _bFEH-W |
||
| 100 | _aFeher,Kamilo | ||
| 245 |
_aWireless Digital Communications : _bModulation and Spread Spectrum Applications |
||
| 260 |
_aIndia _bPearson _c2015 |
||
| 300 | _a524 | ||
| 500 | _aIncluide index | ||
| 650 | _aEngineering | ||
| 700 | _aKamilo;Feher | ||
| 999 |
_c33378 _d33378 |
||